000 00345nam a22001337a 4500
020 _a9788176486729
040 _cNust
082 _a300.72
_bRED
100 _aR. Jayaprakash Reddy
_9124571
245 _aResearch Methodology
260 _aNew Delhi:
_bA P H Publication Corporation,
_c2004.
650 _aResearch Methodology
942 _2ddc
_cBK
999 _c610392
_d610392